000 00476nam a2200157 4500
001 131809
003 ES-MaACL
007 t|
008 070214s1974 sp r ||||1| spa d
100 1 _aRodríguez Martínez, Julio.
_998647
245 1 0 _aImpresiones de un ministro de Carrero Blanco /
_cJulio Rodríguez Martínez.
250 _a1ª ed.
260 _aBarcelona :
_bPlaneta,
_c1974.
300 _a219 p., 26 lám. :
_bil. ;
_c25 cm.
852 _aES-MaACL
_jE-5274
_bR.89649
999 _c131809
_d131809